No path to darjeeling is straight: (Record no. 160491)

MARC details
000 -LEADER
fixed length control field 00587nam a22001817a 4500
005 - DATE AND TIME OF LATEST TRANSACTION
control field 20190131115055.0
010 ## - LCCN (DPL NO)
LC control number ENG-124678
020 ## - INTERNATIONAL STANDARD BOOK NUMBER
Terms of availability 450.00
International Standard Book Number 9789386582348
035 ## - SYSTEM CONTROL NUMBER
System control number EN-108210
037 ## - SOURCE OF ACQUISITION
Source of stock number/acquisition DBAD/PUB
082 ## - DEWEY DECIMAL CLASSIFICATION NUMBER
Classification number 378.125092
100 ## - MAIN ENTRY--PERSONAL NAME
Personal name Bhattacharya, Parimal
245 ## - TITLE STATEMENT
Title No path to darjeeling is straight:
Statement of responsibility, etc by Parimal Bhattacharya
Remainder of title memories of hill town/
260 ## - PUBLICATION, DISTRIBUTION, ETC. (IMPRINT)
Place of publication, distribution, etc New Delhi
Name of publisher, distributor, etc Speaking Tiger Publishing
Date of publication, distribution, etc 2017
270 ## - ADDRESS
Address 4381/4,Ansari Road,Daryaganj,
City New Delhi
Postal code 110002
300 ## - PHYSICAL DESCRIPTION
Extent 192p.
Dimensions 21cm (Hb)
942 ## - ADDED ENTRY ELEMENTS (KOHA)
Source of classification or shelving scheme Dewey Decimal Classification
Item type English Books
Call number suffix BHA
Classification part 378.125092
Holdings
Withdrawn status Lost status Not for loan Collection code Home library Current library Date acquired Source of acquisition Cost, normal purchase price Full call number Barcode Copy number Cost, replacement price Koha item type
    Not For Loan Non-fiction D.B.Act.Division Ashok Vihar 31/01/2019 DBAD/PUB 450.00 378.125092 BHA EN-108210 1 450.00 English Books

© Delhi Public Library
Hit Counter
free hit counter